000 00774nam a2200229Ia 4500
003 OSt
005 20220923212701.0
006 a|||||r|||| 00| 0
007 ta
008 220922b |||||||| |||| 00| 0 hin d
024 _a155,210
037 _cTextual
040 _aARTS
_cARTS
_bhin
041 _2hin
_ahin
082 _aO15,1A2, 152G0.4
100 _aचतुर्वेदी, द्वारका प्रसाद
_9160981
245 0 _aहिन्दी-महाभारत (आश्वमेघिक पर्व)
246 _aHindī-hinābhārat (āshvameghik parva)
260 _c1930
942 _hO15,1A2, 152G0.4
_cTEXL
_2CC
999 _c310769
_d310769